Statistics for Samuel L. Jackson movies

Click here to take the quiz!

General Stats

  • This quiz has been taken 8 times
  • The average score is 17 of 35

Answer Stats

Costars Movie % Correct
Chris Evans, Elizabeth OlsenAvengers: Age of Ultron
100%
Mark Ruffalo, Tom HiddlestonThe Avengers
100%
John Travolta, Uma ThurmanPulp Fiction
100%
Chris Hemsworth, Chris PrattAvengers: Infinity War
88%
Ben Mendselsohn, Brie LarsonCaptain Marvel
88%
Anthony Hopkins, Chris HemsworthThor
88%
Robert Downey Jr., Sam RockwellIron Man 2
75%
Jeff Bridges, Robert Downey Jr.Iron Man
75%
Chris Evans, Scarlett JohannsonCaptain America: The Winter Soldier
75%
Chris Evans, Hugo WeavingCaptain America: The First Avenger
75%
Jamie Foxx, Leonardo DiCaprioDjango Unchained
75%
Channing Tatum, Michael MadsenThe Hateful Eight
63%
Jeff Goldblum, Laura DernJurassic Park
63%
Christopher Lee, Natalie PortmanStar Wars: Attack of the Clones
50%
Bruce Willis, Jeremy IronsDie Hard with a Vengance
50%
Mark Hamill, Taron EgertonKingsman: The Secret Service
50%
David Carradine, Uma ThurmanKill Bill vol. 2
50%
Bruce Willis, Spencer Treat ClarkUnbreakable
50%
Jake Lloyd, Liam NeesonStar Wars: The Phantom Menace
50%
Donnie Yen, Vin DieselXXX
38%
Brad Bird, Holly HunterThe Incredibles
38%
Ewan McGregor, Hayden ChristensenStar Wars: Revenge of the Sith
38%
Brie Larson, Tom HiddlestonKong: Skull Island
38%
Michael Keaton, Pam GrierJackie Brown
38%
Bruce Willis, James McAvoyGlass
38%
L. L. Cool J, Stellan SkarsgardDeep Blue Sea
25%
Alexander Skarsgard, Margot RobbieThe Legend of Tarzan
13%
Brad Pitt, Val KilmerTrue Romance
13%
Brad Pitt, Diane KrugerInglorious Bastards
13%
Hayden Christensen, Michael RookerJumper
13%
Emily Mortimer, Meat LoafThe 51st State
13%
Gary Oldman, Michael KeatonRoboCop
13%
Brad Dourif, George C. ScottThe Exorcist III
13%
Louis Ferrigno Jr., Shemar MooreS.W.A.T.
0%
Christian Bale, Jeffrey WrightShaft
0%

Score Distribution

Percentile by Number Answered

Percent of People with Each Score

Your Score History

You have not taken this quiz